[Event "Boffres"]
[Site "Boffres"]
[Date "2015.05.14"]
[Round "6"]
[White "Berges, Laurent"]
[Black "Kassis, Antoine1111"]
[Result "0-1"]
[WhiteElo "1549"]
[BlackElo "2178"]
[PlyCount "62"]
[EventDate "2015.05.08"]
[EventType "game"]
[EventRounds "9"]
[EventCountry "FRA"]
[SourceTitle "EXT 2016"]
[Source "ChessBase"]
[SourceDate "2015.10.08"]
[SourceVersion "1"]
[SourceVersionDate "2015.10.08"]
[SourceQuality "1"]

1. Nf3 Nf6 2. g3 b5 3. Bg2 d5 4. d3 e6 5. 0-0 Nbd7 6. c3 c5 7. Re1 Bb7 8. d4 Bd6 9. a4 a6 10. axb5 axb5 11. Rxa8 Qxa8 12. Qc2 0-0 13. Bg5 Ne4 14. Nbd2 Rc8 15. Nb3 cxd4 16. Nbxd4 b4 17. Rb1 bxc3 18. bxc3 Nxc3 19. Re1 Ne4 20. Qb3 Rc3 21. Qb5 Qc8 22. Bd2 Nxd2 23. Nxd2 Ba6 24. Qb1 Nf6 25. e4 Bd3 26. Qa2 Nxe4 27. Nxe4 dxe4 28. Bh3 Rc1 29. Qa5 Qc5 30. Qa8+ Bf8 31. Nxe6 Rxe1+ 0-1

[Event "Boffres"]
[Site "Boffres"]
[Date "2015.05.11"]
[Round "4"]
[White "Violleau, Jean Claude"]
[Black "Berges, Laurent"]
[Result "1-0"]
[WhiteElo "1678"]
[BlackElo "1549"]
[PlyCount "75"]
[EventDate "2015.05.08"]
[EventType "game"]
[EventRounds "9"]
[EventCountry "FRA"]
[SourceTitle "EXT 2016"]
[Source "ChessBase"]
[SourceDate "2015.10.08"]
[SourceVersion "1"]
[SourceVersionDate "2015.10.08"]
[SourceQuality "1"]

1. e4 c5 2. Nf3 d6 3. d4 cxd4 4. Nxd4 g6 5. Bc4 Nf6 6. Nc3 a6 7. a4 Qc7 8. Bb3 Bg7 9. 0-0 0-0 10. Bg5 e6 11. Qd2 Nc6 12. Nxc6 bxc6 13. Bh6 Bb7 14. Bxg7 Kxg7 15. Rfe1 Rad8 16. Re3 c5 17. Rh3 h5 18. Qe2 Rh8 19. Rd1 Ng4 20. Rg3 Ne5 21. f4 Nc6 22. Qe3 Nd4 23. Ne2 Nxb3 24. cxb3 d5 25. Qc3+ Kh7 26. f5 e5 27. exd5 Bxd5 28. fxg6+ fxg6 29. b4 c4 30. Rgd3 Qb6+ 31. Re3 Rhe8 32. h3 Qf6 33. Rf1 Qg5 34. Rg3 Qh4 35. Kh2 Bb7 36. Rf7+ Kh6 37. Qe3+ g5 38. Qb6+ 1-0